[Event "8th Gyorgy Marx WGM"]
[Site "Paks HUN"]
[Date "2010.08.06"]
[Round "1"]
[White "Kononenko,T"]
[Black "Galojan,L"]
[Result "1/2-1/2"]
[WhiteElo "2374"]
[BlackElo "2384"]
[EventDate "2010.08.06"]

1. d4 Nf6 2. c4 e6 3. Nf3 b6 4. g3 Ba6 5. Nbd2 Bb4 6. Qc2 Bb7 7. Bg2 c5 8.
dxc5 Bxc5 9. O-O O-O 10. a3 Be7 11. b4 a5 12. b5 d6 13. Bb2 Qc8 14. e4 Nbd7
15. Rfe1 e5 16. Nf1 Nc5 17. N3d2 g6 18. Ne3 Qd7 19. a4 Rac8 20. Rad1 Rfe8
21. f4 exf4 22. gxf4 Nh5 23. Rf1 Bf8 24. e5 Bxg2 25. Nxg2 Qg4 26. Rde1 dxe5
27. fxe5 Rcd8 28. Ne4 Nd3 29. Re3 Nxb2 30. Qxb2 Bg7 31. Qf2 Rd7 32. h3 Qf5
33. Qxf5 gxf5 34. Nd6 Rxe5 35. Nxf5 Rxe3 36. Ngxe3 Bf8 37. Nd5 Bc5+ 38. Kg2
Kf8 39. Kf3 Ng7 40. Nxg7 Kxg7 41. Re1 Kf8 42. Re5 Rd6 43. h4 Rg6 44. Re1 h6
45. Kf4 Rg2 46. Nf6 Rf2+ 47. Ke5 Bb4 48. Re3 Rd2 49. Ne4 Rd1 50. Rf3 Be7
51. h5 Ke8 52. Nf6+ Kd8 53. Nd5 Re1+ 54. Kd4 Bc5+ 55. Kd3 Rd1+ 56. Kc2 Rd4
57. Rf6 Rxc4+ 58. Kb3 Rd4 59. Nxb6 Rb4+ 60. Kc2 Bxb6 61. Rxb6 Rxa4 62. Rxh6
Kc7 63. Rf6 Rh4 64. h6 Rh3 65. b6+ Kb7 66. Rxf7+ Kxb6 67. h7 a4 68. Kb2 Kc6
69. Ra7 1/2-1/2

[Event "8th Gyorgy Marx WGM"]
[Site "Paks HUN"]
[Date "2010.08.07"]
[Round "2"]
[White "Vajda,S"]
[Black "Madl,I"]
[Result "1/2-1/2"]
[WhiteElo "2338"]
[BlackElo "2401"]
[EventDate "2010.08.06"]

1. e4 c5 2. Nf3 d6 3. d4 cxd4 4. Nxd4 Nf6 5. Nc3 Nc6 6. Bg5 e6 7. Qd2 a6 8.
O-O-O Bd7 9. f4 h6 10. Bh4 Nxe4 11. Nxe4 Qxh4 12. Nf3 Qe7 13. Nxd6+ Qxd6
14. Qxd6 Bxd6 15. Rxd6 Ke7 16. Rd2 Rhd8 17. a3 Be8 18. Bd3 Nd4 19. Be4 Nxf3
20. Bxf3 Rxd2 21. Kxd2 Rd8+ 22. Ke3 Bc6 23. Bxc6 bxc6 24. Rf1 h5 25. f5 Rd5
26. fxe6 Kxe6 27. b3 Re5+ 28. Kd3 Rd5+ 29. Ke3 Re5+ 30. Kd3 Rd5+ 31. Ke3
Re5+ 32. Kd4 1/2-1/2

[Event "8th Gyorgy Marx WGM"]
[Site "Paks HUN"]
[Date "2010.08.07"]
[Round "2"]
[White "Toth,Li"]
[Black "Kononenko,T"]
[Result "0-1"]
[WhiteElo "2235"]
[BlackElo "2374"]
[EventDate "2010.08.06"]

1. e4 e6 2. d4 d5 3. Nc3 Bb4 4. e5 Ne7 5. a3 Bxc3+ 6. bxc3 c5 7. Nf3 Qa5 8.
Qd2 Nbc6 9. a4 Bd7 10. Bd3 f6 11. Ba3 fxe5 12. Nxe5 Nxe5 13. dxe5 O-O 14.
O-O Rf7 15. Qe3 Rc8 16. Rfb1 Qc7 17. a5 b6 18. axb6 axb6 19. f4 Rcf8 20.
Rf1 g6 21. Rae1 d4 22. cxd4 Nd5 23. Qd2 Nxf4 24. dxc5 Bc6 25. Bc4 Qe7 26.
Qc3 b5 27. Bxb5 Bxb5 28. c6 Ne2+ 0-1

[Event "8th Gyorgy Marx WGM"]
[Site "Paks HUN"]
[Date "2010.08.08"]
[Round "3"]
[White "Kononenko,T"]
[Black "Vajda,S"]
[Result "1/2-1/2"]
[WhiteElo "2374"]
[BlackElo "2338"]
[EventDate "2010.08.06"]

1. d4 d5 2. c4 dxc4 3. e3 e6 4. Bxc4 Nf6 5. Nf3 c5 6. O-O a6 7. dxc5 Qxd1
8. Rxd1 Bxc5 9. b3 Nbd7 10. Bb2 b5 11. Be2 Bb7 12. Nbd2 O-O 13. Ne1 Rfd8
14. Nd3 Be7 15. Bf3 Nd5 16. Nf4 N7b6 17. a4 bxa4 18. bxa4 Rd7 19. Nxd5 Bxd5
20. a5 Bxf3 21. gxf3 Nd5 22. Nc4 Rc7 23. Ra4 f6 24. f4 Rb8 25. f5 Rb4 26.
Rxb4 Nxb4 27. Nb6 exf5 28. Nd5 Nxd5 29. Rxd5 g6 30. Bd4 Kf7 31. Bb6 Rc1+
32. Kg2 Ke6 33. Rd3 Bd6 34. h3 Bc7 35. Bxc7 Rxc7 36. Rb3 Kd5 37. Rb6 Rc6
38. Rb7 h5 39. h4 g5 40. Rh7 Rc5 41. Rxh5 Rxa5 42. hxg5 fxg5 43. Rxg5 Ke5
44. Rg8 Rb5 45. Rd8 1/2-1/2

[Event "8th Gyorgy Marx WGM"]
[Site "Paks HUN"]
[Date "2010.08.08"]
[Round "3"]
[White "Galojan,L"]
[Black "Toth,Li"]
[Result "1/2-1/2"]
[WhiteElo "2384"]
[BlackElo "2235"]
[EventDate "2010.08.06"]

1. d4 Nf6 2. c4 e6 3. Nc3 Bb4 4. Qc2 O-O 5. Bg5 d5 6. cxd5 exd5 7. e3 c6 8.
Bd3 h6 9. Bh4 Nbd7 10. Nf3 Re8 11. O-O Be7 12. Bg3 Nf8 13. h3 Ne6 14. a3 a5
15. Rab1 b5 16. Ne5 Bb7 17. Rbc1 Qb6 18. Rfd1 a4 19. Qe2 Rac8 20. f3 Nf8
21. Bf5 Ra8 22. Bf2 Bd6 23. f4 b4 24. axb4 Qxb4 25. Be1 Qb6 26. Qc2 a3 27.
Na4 Qb5 28. b3 Ne4 29. Bxe4 dxe4 30. Nc3 Qa6 31. Nxe4 Bxe5 32. fxe5 Ne6 33.
Bb4 c5 34. Nxc5 Nxc5 35. Bxc5 Qb5 36. e4 Qc6 37. Re1 Qg6 38. Ra1 Rec8 39.
Re3 Ra6 40. Qe2 Rca8 41. Ra2 Qg5 42. Rc3 Qf4 43. Re3 Qg5 44. Rf3 Rg6 45.
Kh2 Qc1 46. Rf1 Qg5 47. Rf3 Qc1 48. Re3 Rc6 49. Qe1 Rxc5 50. dxc5 Qxc5 51.
b4 Qxe5+ 52. Kh1 Re8 53. Raxa3 Bxe4 54. Qg3 Qb5 55. Qe1 f5 56. Ra5 Qb7 57.
Kg1 Rc8 58. Re2 Rc4 59. Rb2 Qb6+ 60. Kh1 Qc7 61. Ra1 Rc3 62. Kg1 Qb6+ 63.
Qf2 Qg6 64. Kh2 Qd6+ 65. Kg1 Qg6 66. b5 Rxh3 67. b6 Bxg2 68. Qxg2 Rg3 69.
Rab1 f4 70. Qxg3 Qxg3+ 71. Kf1 Qf3+ 1/2-1/2

[Event "8th Gyorgy Marx WGM"]
[Site "Paks HUN"]
[Date "2010.08.09"]
[Round "4"]
[White "Galojan,L"]
[Black "Madl,I"]
[Result "1-0"]
[WhiteElo "2384"]
[BlackElo "2401"]
[EventDate "2010.08.06"]

1. d4 d5 2. c4 c6 3. Nf3 Nf6 4. Nc3 e6 5. Bg5 h6 6. Bh4 dxc4 7. e4 g5 8.
Bg3 b5 9. Be2 Bb7 10. O-O Bg7 11. e5 Nfd7 12. Ne4 O-O 13. Nd6 Ba6 14. Nd2
f5 15. exf6 Qxf6 16. Bg4 h5 17. N2e4 Qh6 18. Bxh5 e5 19. Qg4 b4 20. Rfe1 c3
21. bxc3 bxc3 22. dxe5 Nxe5 23. Bxe5 Bxe5 24. Nf5 Qe6 25. Qxg5+ Kh7 26.
Bg6+ Qxg6 27. Qh4+ 1-0

[Event "8th Gyorgy Marx WGM"]
[Site "Paks HUN"]
[Date "2010.08.09"]
[Round "4"]
[White "Toth,Li"]
[Black "Vajda,S"]
[Result "0-1"]
[WhiteElo "2235"]
[BlackElo "2338"]
[EventDate "2010.08.06"]

1. c4 Nf6 2. Nf3 e6 3. e3 d5 4. b3 c6 5. Bb2 Nbd7 6. Be2 Bd6 7. cxd5 exd5
8. d3 O-O 9. Nbd2 Re8 10. O-O Nf8 11. Qc2 Ng6 12. Rfe1 Qe7 13. a3 a5 14.
Qc1 Ng4 15. Nf1 N6e5 16. Nxe5 Bxe5 17. Bxe5 Qxe5 18. d4 Qg5 19. f4 Qg6 20.
Bxg4 Bxg4 21. Qd2 h5 22. Qf2 Bf5 23. b4 Bd3 24. Nd2 axb4 25. axb4 Qd6 26.
b5 Rxa1 27. Rxa1 Bxb5 28. Nf3 f6 29. Re1 Bd3 30. Qh4 Bg6 31. h3 Ra8 32. g4
hxg4 33. hxg4 Be4 34. Nd2 Bd3 35. Nf3 Ra2 36. Qh5 g6 37. Qh4 Be4 38. Qh3
Qd7 39. Qg3 Qc7 40. Qh3 Qh7 41. Qg3 Bxf3 42. Qxf3 Qh4 43. Rb1 f5 44. gxf5
gxf5 0-1

[Event "8th Gyorgy Marx WGM"]
[Site "Paks HUN"]
[Date "2010.08.10"]
[Round "5"]
[White "Vajda,S"]
[Black "Galojan,L"]
[Result "1/2-1/2"]
[WhiteElo "2338"]
[BlackElo "2384"]
[EventDate "2010.08.06"]

1. e4 e5 2. Nf3 Nc6 3. Nc3 Nf6 4. d4 exd4 5. Nxd4 Bb4 6. Nxc6 bxc6 7. Bd3
d5 8. exd5 cxd5 9. O-O O-O 10. Bg5 c6 11. Qf3 h6 12. Bxf6 Qxf6 13. Qxf6
gxf6 14. Ne2 Bd6 15. Nd4 c5 16. Nf5 Bxf5 17. Bxf5 Rfe8 18. Rae1 Be5 19. b3
Bc3 20. Rxe8+ Rxe8 21. Rd1 Re1+ 22. Rxe1 Bxe1 23. Kf1 Bb4 24. Bd7 Kf8 25.
Bc6 d4 26. Ke2 Ke7 27. g4 f5 28. gxf5 f6 29. f4 Kd6 30. Bg2 Bc3 31. Kd3 a6
32. Bb7 a5 33. a4 Bb4 34. h3 Bc3 35. Bg2 Bb4 36. Bf3 Bc3 37. Bg2 1/2-1/2

[Event "8th Gyorgy Marx WGM"]
[Site "Paks HUN"]
[Date "2010.08.10"]
[Round "5"]
[White "Madl,I"]
[Black "Kononenko,T"]
[Result "1-0"]
[WhiteElo "2401"]
[BlackElo "2374"]
[EventDate "2010.08.06"]

1. e4 e6 2. d4 d5 3. Nc3 Bb4 4. e5 Ne7 5. Qg4 Nf5 6. Nf3 Nc6 7. Bd3 h5 8.
Qf4 Nce7 9. O-O b6 10. a3 Bxc3 11. bxc3 a5 12. a4 Ba6 13. Ba3 Bxd3 14. cxd3
Qd7 15. Qg5 Rh6 16. h3 f6 17. Qd2 Nc6 18. exf6 Rxf6 19. Rae1 O-O-O 20. Re2
Rg8 21. Rfe1 Nd8 22. c4 Qxa4 23. Qc3 g5 24. Rc1 dxc4 25. d5 Rh6 26. dxc4 g4
27. Ne5 Rh7 28. Bb2 Rhg7 29. h4 g3 30. f3 exd5 31. Qd3 Ne7 32. cxd5 Kb7 33.
Nc4 Rf7 34. d6 Nec6 35. Qd5 Ka6 36. dxc7 1-0

[Event "8th Gyorgy Marx WGM"]
[Site "Paks HUN"]
[Date "2010.08.12"]
[Round "6"]
[White "Galojan,L"]
[Black "Kononenko,T"]
[Result "0-1"]
[WhiteElo "2384"]
[BlackElo "2374"]
[EventDate "2010.08.06"]

1. c4 e5 2. Nc3 Nc6 3. g3 Bc5 4. Bg2 a6 5. e3 d6 6. Nge2 Nge7 7. O-O Ba7 8.
a3 h5 9. d4 h4 10. b4 hxg3 11. hxg3 Ng6 12. c5 Bh3 13. Bxh3 Rxh3 14. b5
Nce7 15. bxa6 bxa6 16. Qa4+ Kf8 17. Kg2 Rh8 18. cxd6 Qxd6 19. dxe5 Nxe5 20.
Bb2 Nd3 21. Qc2 Rb8 22. Rad1 Qc6+ 23. e4 Nxb2 24. Rb1 Nc4 25. Rxb8+ Bxb8
26. Rd1 Nd6 27. Nd4 Qc5 28. Qb3 Ba7 29. Na4 Qe5 30. Nf3 Qxe4 31. Re1 Qd5
32. Qc2 Nc6 33. Rd1 Nd4 0-1

[Event "8th Gyorgy Marx WGM"]
[Site "Paks HUN"]
[Date "2010.08.12"]
[Round "6"]
[White "Toth,Li"]
[Black "Madl,I"]
[Result "1/2-1/2"]
[WhiteElo "2235"]
[BlackElo "2401"]
[EventDate "2010.08.06"]

1. c4 e5 2. Nc3 Nf6 3. g3 d5 4. cxd5 Nxd5 5. Bg2 Nb6 6. Nf3 Nc6 7. d3 Be7
8. O-O O-O 9. Bd2 Bg4 10. h3 Bh5 11. a3 Qd7 12. Kh2 Rad8 13. b4 a6 14. Ne4
Nd5 15. Rc1 Qc8 16. Nc5 Nd4 17. Nxd4 exd4 18. Nb3 Nb6 19. Bf4 c6 20. Qd2 f6
21. g4 Bf7 22. Nc5 Nd5 23. Bg3 Rfe8 24. Be4 g6 25. Rc2 Bd6 26. Bxd6 Rxd6
27. Bxd5 Bxd5 28. Qf4 Red8 29. Rb2 b6 30. Ne4 Bxe4 31. Qxe4 Qd7 32. Rc1 Re8
33. Qf3 Ree6 34. Rcc2 Rd5 35. Rc4 f5 36. Rbc2 Red6 37. g5 Qe6 38. Qf4 Kg7
39. Kg3 Kf7 40. Kg2 Qd7 41. Qc1 f4 42. Rxc6 Rxg5+ 43. Kh2 Rxc6 44. Rxc6 Qd5
45. Qxf4+ Rf5 46. Qc7+ Kg8 47. f3 Rf7 48. Qd6 Qxd6+ 49. Rxd6 Re7 50. Rxd4
Rxe2+ 51. Kg3 Ra2 52. Rd6 Rxa3 53. Rxb6 Rxd3 54. Rxa6 Rb3 55. Rb6 Kg7 56.
h4 h6 57. Kg4 Kf7 58. Rb8 Kf6 59. b5 Rb4+ 60. Kg3 Kg7 61. b6 Kh7 62. b7 Kg7
63. Kf2 Rb3 64. Ke2 1/2-1/2

[Event "8th Gyorgy Marx WGM"]
[Site "Paks HUN"]
[Date "2010.08.13"]
[Round "7"]
[White "Madl,I"]
[Black "Vajda,S"]
[Result "1/2-1/2"]
[WhiteElo "2401"]
[BlackElo "2338"]
[EventDate "2010.08.06"]

1. e4 e5 2. Nf3 Nc6 3. Bb5 Nf6 4. O-O Nxe4 5. Re1 Nd6 6. Nxe5 Nxe5 7. Rxe5+
Be7 8. Bf1 O-O 9. d4 Bf6 10. Re1 Nf5 11. c3 d5 12. Bf4 c6 13. Nd2 Nh4 14.
Bg3 Nf5 15. Bf4 Nh4 16. Bg3 Nf5 17. Bf4 1/2-1/2

[Event "8th Gyorgy Marx WGM"]
[Site "Paks HUN"]
[Date "2010.08.14"]
[Round "8"]
[White "Vajda,S"]
[Black "Kononenko,T"]
[Result "0-1"]
[WhiteElo "2338"]
[BlackElo "2374"]
[EventDate "2010.08.06"]

1. e4 e6 2. d4 d5 3. Nd2 c5 4. exd5 exd5 5. Ngf3 Nf6 6. Bb5+ Bd7 7. Bxd7+
Nbxd7 8. O-O Be7 9. Re1 O-O 10. dxc5 Nxc5 11. Nf1 a5 12. Be3 Re8 13. c3 a4
14. Bd4 Ne6 15. Ne3 Nxd4 16. Qxd4 Qa5 17. Nf5 Bc5 18. Qh4 Qb6 19. N3d4 g6
20. Nh6+ Kg7 21. h3 Bxd4 22. cxd4 Re4 23. Qg5 Rae8 24. Re3 Rxe3 25. fxe3
Ne4 26. Qf4 Qf6 27. Ng4 Qxf4 28. exf4 Ng3 29. Kf2 Nf5 30. Ne5 Rc8 31. Re1
Nxd4 32. Rd1 Rc2+ 33. Ke1 Ne6 34. Rxd5 Nxf4 35. Rb5 Nxg2+ 36. Kf1 Ne3+ 37.
Ke1 Rc7 38. Nd3 Nc4 39. Rb4 a3 40. b3 Ne3 41. Ra4 f5 42. Kd2 Nf1+ 43. Ke1
Ng3 44. Rxa3 g5 45. b4 f4 46. Kf2 Re7 47. Ra7 Kg6 48. Nc5 Re2+ 49. Kf3 Re3+
50. Kg2 h5 51. Rxb7 g4 52. hxg4 hxg4 53. Rb6+ Kf5 54. Rb8 Re2+ 55. Kg1 f3
56. Rf8+ Kg6 57. Nd3 Rg2+ 0-1

[Event "8th Gyorgy Marx WGM"]
[Site "Paks HUN"]
[Date "2010.08.15"]
[Round "9"]
[White "Galojan,L"]
[Black "Vajda,S"]
[Result "1/2-1/2"]
[WhiteElo "2384"]
[BlackElo "2338"]
[EventDate "2010.08.06"]

1. d4 d5 2. c4 e6 3. Nf3 Be7 4. Nc3 Nf6 5. Bg5 h6 6. Bh4 O-O 7. e3 b6 8.
cxd5 Nxd5 9. Bxe7 Qxe7 10. Nxd5 exd5 11. Rc1 Bb7 12. Bd3 c5 13. dxc5 bxc5
14. O-O Nd7 15. Re1 Rfc8 16. Qa4 Bc6 17. Qa3 Qf6 18. e4 c4 19. exd5 Bxd5
20. Be4 Bxe4 21. Rxe4 Nb6 22. Rce1 c3 23. bxc3 Rxc3 24. Qa6 Qc6 25. h3 Rc1
26. Qa3 Qxe4 27. Rxc1 Rc8 28. Rxc8+ Nxc8 29. Qc5 Qb1+ 30. Kh2 Qb8+ 31. g3
Nd6 32. Ne5 Qb6 33. Qxb6 1/2-1/2

[Event "8th Gyorgy Marx WGM"]
[Site "Paks HUN"]
[Date "2010.08.15"]
[Round "9"]
[White "Kononenko,T"]
[Black "Madl,I"]
[Result "1/2-1/2"]
[WhiteElo "2374"]
[BlackElo "2401"]
[EventDate "2010.08.06"]

1. d4 d5 2. c4 c6 3. Nf3 Nf6 4. e3 Bf5 5. Nc3 e6 6. Bd3 Bxd3 7. Qxd3 Nbd7
8. O-O Bb4 9. b3 O-O 10. Bb2 a5 11. a3 Be7 12. e4 dxe4 13. Nxe4 Nxe4 14.
Qxe4 Qb6 15. Qc2 Bf6 16. Rab1 Rfd8 17. Bc3 Qc7 18. Rfd1 h6 19. c5 e5 20.
dxe5 Nxe5 21. Nxe5 Bxe5 22. Bxe5 Qxe5 23. b4 axb4 24. axb4 Rxd1+ 25. Rxd1
Ra1 26. g3 g6 27. Rxa1 Qxa1+ 28. Kg2 Qd4 29. Qa4 Kg7 30. h4 Qe4+ 31. Kf1
Qh1+ 32. Ke2 Qe4+ 33. Kf1 Qh1+ 34. Ke2 Qe4+ 35. Kf1 1/2-1/2

[Event "8th Gyorgy Marx WGM"]
[Site "Paks HUN"]
[Date "2010.08.16"]
[Round "10"]
[White "Madl,I"]
[Black "Galojan,L"]
[Result "1/2-1/2"]
[WhiteElo "2401"]
[BlackElo "2384"]
[EventDate "2010.08.06"]

1. e4 e5 2. Nf3 Nc6 3. Bb5 a6 4. Ba4 Nf6 5. O-O Be7 6. Qe2 b5 7. Bb3 O-O 8.
c3 d6 9. Rd1 Na5 10. Bc2 c5 11. d4 Qc7 12. d5 Nc4 13. b3 Nb6 14. a4 Bd7 15.
h3 bxa4 16. bxa4 a5 17. c4 Nh5 18. Nc3 g6 19. Bh6 Rfe8 20. Rab1 Nf4 21. Qf1
Rab8 22. Rb2 Bf8 1/2-1/2

[Event "8th Gyorgy Marx WGM"]
[Site "Paks HUN"]
[Date "2010.08.16"]
[Round "10"]
[White "Vajda,S"]
[Black "Toth,Li"]
[Result "1/2-1/2"]
[WhiteElo "2338"]
[BlackElo "2235"]
[EventDate "2010.08.06"]

1. e4 e5 2. Nf3 Nc6 3. Nc3 Nf6 4. d4 exd4 5. Nxd4 Bb4 6. Nxc6 bxc6 7. Bd3
d5 8. exd5 cxd5 9. O-O O-O 10. Bg5 c6 11. Qf3 Be7 12. Rfe1 h6 13. Bxh6 gxh6
14. Qe3 d4 15. Qxh6 Qd6 16. Qg5+ Kh8 17. Qh6+ Kg8 18. Qg5+ Kh8 19. Qh6+ Kg8
20. Qg5+ Kh8 1/2-1/2